Biggest Cities of the 13 Colonies in 1775 with a Map - Statistics

General Stats
  • This quiz has been taken 15,360 times
    14,042 since last reset
  • The average score is 10 of 36
Answers on the Map
Answers color-coded by a green-red scale on the quiz's map according to % correct below.
 
Answer Stats
Pop. City % Correct
25,000 New York City
99%
16,000 Boston
96%
20,000 Philadelphia
92%
5,900 Baltimore
77%
4,300 Providence
72%
4,000 Albany
69%
12,000 Charleston
65%
5,000 Hartford
63%
8,300 New Haven
53%
6,200 Norfolk
43%
5,300 Salem
36%
11,000 Newport
35%
4,500 Sherburne
33%
4,500 Portsmouth
25%
5,500 Lancaster
21%
5,900 New London
20%
4,400 Gloucester
14%
7,300 Norwich
12%
4,400 Norwalk
11%
4,900 Fairfield
9%
4,300 Marblehead
8%
4,900 Middletown
8%
6,600 Northern Liberties
8%
6,700 Dartmouth
7%
4,400 Ipswich
7%
5,400 Stonington
6%
5,600 Stratford
6%
4,300 Bridgewater
5%
6,100 Farmington
5%
4,100 Lyme
5%
4,100 Middleborough
5%
4,500 Southwark
5%
4,900 Wallingford
5%
4,000 Lebanon
4%
5,300 Woodbury
4%
4,200 Rehoboth
3%
No matching quizzes found
Score Distribution
Percent of People with Each Score
Percentile by Number Answered
Your Score History
You have not taken this quiz since the last reset